000 00525 a2200169 4500
999 _c530
_d530
008 220929b ||||| |||| 00| 0 eng d
020 _a9789339223199
082 0 0 _a621.4022
_bC395
100 _aCengel, Yunus A.
_95147
245 _aHeat and mass transfer: fundamentals and application /
_cby Yunus A. Cengel and Afshin J. Ghajar
250 _a5th ed.
260 _bMcGraw Hill Education,
_c2016.
_aNew Delhi:
300 _axxii, 944 p.
650 0 _aHeat Transmission
700 _95263
_aGhajar, Afshin J.
942 _2ddc
_cBK